00390nam a2200157Ia 4500008004100000020001500041041001200056082001100068100001800079245006400097250000800161260002500169300000800194650001400202700001600216221030s9999 xx 000 0 und d a0074622353 aEnglish a105.23 aA. P. Malvino 0aDigital Computer Electronicscby A. P. Malvino, J. A. Brown a3rd bTMHaNew Delhic2011 a522 aComputers aJ. A. Brown